OECD Skills Strategy Flanders Assessment and Recommendations

Na minha lista:
Detalhes bibliográficos
Formato: Livro
Idioma:inglês
Publicado em: Paris OECD 2019
Colecção:OECD Skills Studies
Assuntos:
Tags: Adicionar Tag
Sem tags, seja o primeiro a adicionar uma tag!

MARC

LEADER 00000nam a2200000 4500
001 0254635
005 20221220065018.4
020 |a 978-92-64-30978-4 
041 0 |a eng 
044 |a FR 
245 1 0 |a OECD Skills Strategy Flanders  |b Assessment and Recommendations 
264 1 |a Paris  |b OECD  |c 2019 
300 |a 211 s. 
490 1 |a OECD Skills Studies 
830 0 |a OECD Skills Studies 
610 2 0 |a školstvo 
610 2 0 |a zručnosti 
610 2 0 |a kultúra 
610 2 0 |a vývoj 
610 2 0 |a pracovisko 
610 2 0 |a vzdelávanie dospelých 
610 2 0 |a financovanie 
610 2 0 |a porovnanie štatistické medzinárodné 
610 2 0 |a Flámsko